Statistics for Famous Christian Theologians

Click here to take the quiz!

General Stats

  • This quiz has been taken 28 times
  • The average score is 9 of 20

Answer Stats

HinweisAntwort% Correct
Important apostle and author of many biblical books (letters)~10 v. Chr. - ~60 n. Chr.Paul the Apostle
92%
Reformer, who criticized the indulgence in 95 theses1483 - 1546Martin Luther
84%
Reformer in Geneva, representative of the doctrine of double predestination1509 - 1564John Calvin
68%
Founder of the Methodist Movement1703 - 1791John Wesley
68%
Most important philosopher of the Middle Ages, developed four proofs of God, author of "Summa theologiae"1225 - 1275Thomas Aquinas
68%
Most important Christian philosopher of antiquity, author of "De civitate Dei"354 - 430Augustine of Hippo
64%
Founder of a mendicant order, revered as saint of animals in the Catholic Church1182 -1226Francis of Assisi
60%
Important Pope, who greatly increased the weight of this office, called "the Great"540 - 604Gregory the Great
60%
Zurich reformer who co-founded the Reformed Church1484 - 1531Huldrych Zwingli
52%
Church Father, who translated the Bible to Latin (Vulgate)347- 420Jerome
48%
Founder of a monastic order and the Monastery of Monte Cassino, "Ora et labora et lege"480 - 547Benedict of Nursia
40%
Bishop of Milan and opponent of the Arians, strengthened the church's power over the emperor339 - 397Ambrose
36%
English reformer, who led the Lollard movement and translated the New Testament to English1320s – 1384John Wycliffe
36%
Cistercian abbot, who spread this order and preached for the Crusades1090- 1153Bernard of Clairvaux
20%
"Rosary Pope", who promoted Catholic social teaching , author of the "Rerum novarum"1810 – 1903Leo XIII
20%
Archbishop of El Salvador and representative of Liberation Theology, murdered in 19801917 - 1980Oscar Romero
20%
Church father, bishop in Alexandria and opponent of Nestorius, involved the death of Hypathia~ 375 - 444Cyril of Alexandria
16%
Developed a program to demythologize the New Testament1884 - 1976Rudolf Bultmann
12%
Methodist theologian, pacifist and opponent of the "just war" theorygeb. 1940Stanley Hauerwas
8%
Important mystic of the late Middle Ages, pursued as heretic, but rehabilitated1260 - 1328Meister Eckhart
4%

Score Distribution

Percentile by Number Answered

Percent of People with Each Score

Your Score History

You have not taken this quiz